00886nam a2200217 u 450000100070000000500170000700800410002403500110006504000130007604100080008908000060009710000430010324502090014626000210035530000140037650000220039052001370041265000380054965000390058770000420062618977320260506081340.0980601s1983 ||||||m| spa  a189773 ccomduadb aspa aW10aMatallana de Herrera, Amanda4auteaut10aAlgunas caracteristicas en la relacion medico-paciente durante la ronda medica en los servicios de medicina interna, Ginecologia y Obstetricia y Quirurgica de la Clinica Leon XIII -ISS Seccional Antioquia aBogotá,c1983. a120 hojas aDonacion 3-II-84.3 aTesis (Especialista en Administracion en Salud)--Pontificia Universidad Javeriana. Facultad de Estudios Disciplinarios, Bogota, 1983 7aRelaciones médico-paciente2dcs aClínica León XIII (Medellín)10aVasco Uribe, Albertod1943-4thseths